Borboletas e lagartas (Registo nº 200202)

Detalhes MARC
000 -Etiqueta do registo
Valores 00684nam 22001933 4500
100 ## - Dados gerais de processamento
Dados gerais 20260127d u||y0pory50 ba
200 ## - Titulo e menção de responsabilidade
Título próprio Borboletas e lagartas
Informação de outro título 550 fotografias na cores
Primeira menção de responsabilidade Thomas Ruckstuhl
210 ## - Publicação
Local de publicação [Lisboa]
Nome do editor Círculo de Leitores
Data de publicação [19--?]
215 ## - Descrição física 
Paginação / Volumes 237, [6] p.
Outras indicações físicas il., fot. ; encadernado
Dimensões 22 cm
225 ## - Colecção 
Título próprio da colecção Mundo verde
304 ## - Nota relativa ao título
Texto de nota . -como identificar, classificar e proteger borboletas e lagartas : guia das mais belas borboletas diurnas e nocturnas, e suas lagartas
606 ## - Nome comum usado como assunto
ID Autoridade 74
Palavra de ordem Zoologia
675 ## - CDU
Notação 59
Edição PT
Língua por
700 ## - Autor principal (pessoa individual)
ID Autoridade 16036
Apelido Ruckstuhl
Nome Thomas
Datas 1969-
801 ## - Fonte de origem
País PT
Agência BMMN
Regras de catalogação RPC
830 ## - Notas gerais do catalogador
Criado por Ana
Indexado por Ana
990 ## - Elementos KOHA
Tipo de documento Livro
Exemplares
Situação do levantamento Biblioteca de origem Código de barras Cota Permissão de empréstimo Tipo de documento Forma de aquisição
  Biblioteca Municipal de Montemor-o-Novo 29311 59 RUC|DEP   Livro Compra

Powered by Koha